书目信息 |
| 题名: |
英语典型语法十日通
|
|
| 作者: | 浩瀚 , 王勇 , 陈鲁宁 编著 | |
| 分册: | ||
| 出版信息: | 北京 中国书籍出版社 2002.01 |
|
| 页数: | 293页 | |
| 开本: | 18cm | |
| 丛书名: | 地道英语百日通丛书 | |
| 单 册: | ||
| 中图分类: | H314 | |
| 科图分类: | ||
| 主题词: | 英语--ying yu--语法 | |
| 电子资源: | ||
| ISBN: | 7-5068-0957-5 | |
| 000 | 00996nam 2200289 450 | |
| 001 | 012008912718 | |
| 005 | 20080315103253.43 | |
| 010 | @a7-5068-0957-5@dCNY11.00 | |
| 100 | @a20080315d2002 km y0chiy0120 ea | |
| 101 | 0 | @achi |
| 102 | @aCN@b110000 | |
| 105 | @ay z 000yy | |
| 106 | @ar | |
| 200 | 1 | @a英语典型语法十日通@Aying yu dian xing yu fa shi ri tong@f浩瀚, 王勇, 陈鲁宁编著@Fhao han,wang yong,chen lu ning bian zhu |
| 205 | @a第2版 | |
| 210 | @a北京@c中国书籍出版社@d2002.01 | |
| 215 | @a293页@d18cm | |
| 225 | 2 | @a地道英语百日通丛书@Adi dao ying yu bai ri tong cong shu |
| 330 | @a本书收词法和句法两部分,内容包括:“名词”、“代词”、“冠词”、“形容词”、“句子的成分”、“语气”等书。 | |
| 410 | 0 | @12001 @a地道英语百日通丛书 |
| 606 | 0 | @a英语@Aying yu@x语法 |
| 690 | @aH314@v4 | |
| 701 | 0 | @a浩瀚@Ahao han@4编著 |
| 701 | 0 | @a王勇@Awang yong@4编著 |
| 701 | 0 | @a陈鲁宁@Achen lu ning@4编著 |
| 801 | 0 | @aCN@bQSSK@c20080315 |
| 905 | @b20284065-67@dH314@eH147=2@f3 | |
| 英语典型语法十日通/浩瀚, 王勇, 陈鲁宁编著.-第2版.-北京:中国书籍出版社,2002.01 |
| 293页;18cm.-(地道英语百日通丛书) |
| ISBN 7-5068-0957-5:CNY11.00 |
| 本书收词法和句法两部分,内容包括:“名词”、“代词”、“冠词”、“形容词”、“句子的成分”、“语气”等书。 |
| ● |
| 相关链接 |
|
|
|
正题名:英语典型语法十日通
索取号:H314/H147=2
 
预约/预借
| 序号 | 登录号 | 条形码 | 馆藏地/架位号 | 状态 | 备注 |
| 1 | 284065 | 202840658 | 语言库209/209语言库 34排7列5层/ [索取号:H314/H147=2] | 在馆 | |
| 2 | 284066 | 202840667 | 语言库209/209语言库 34排7列5层/ [索取号:H314/H147=2] | 在馆 | |
| 3 | 284067 | 202840676 | 语言库209/209语言库 34排7列5层/ [索取号:H314/H147=2] | 在馆 |